000 01674nam a22001577a 4500
999 _c528096
_d528096
008 241112b ||||| |||| 00| 0 eng d
100 _aJohri, Amrita and Bhardwaj, Anjali
_959467
245 _aShrouded in secrecy: Dangers in the DPDP act
260 _aCommon Cause: Policy Oriented Journal Since 1982
300 _a42(3), Jul-Sep, 2023: p.24-25
520 _aThis article critically examines the Digital Personal Data Protection (DPDP) Act from a governance and human rights perspective, highlighting concerns over secrecy and lack of transparency. While the Act aims to regulate personal data protection in India, critics argue that its provisions grant excessive discretionary powers to the state, potentially undermining privacy rights and democratic accountability. The study situates the DPDP Act within broader debates on digital governance, emphasizing how inadequate safeguards and opaque mechanisms can erode trust in institutions. Drawing on policy analysis and commentary from Common Cause, a journal committed to governance and accountability since 1982, the paper underscores the dangers of embedding secrecy into data regulation frameworks. It calls for stronger checks and balances, independent oversight, and citizen-centric safeguards to ensure that data protection does not become a tool for surveillance or authoritarian control.
650 _aPolitical Science, Digital Personal Data Protection Act (DPDP), India, Privacy, Governance, Secrecy, Accountability, Human Rights, Common Cause Journal, Policy Debate, Data Regulation
_959468
773 _aCommon Cause: Policy Oriented Journal Since 1982
906 _aDATA SECURITY
942 _cAR